Megacities North to South - Statistics

General Stats
  • This quiz has been taken 5 times
  • The average score is 17 of 49
Answer Stats
Latitude Population Answer % Correct
51.51°N 15.4 m London
100%
55.76°N 19.1 m Moscow
100%
40.71°N 22.6 m New York
100%
48.86°N 11.6 m Paris
100%
35.69°N 41.3 m Tokyo
100%
39.91°N 21.8 m Beijing
60%
34.60°S 17.0 m Buenos Aires
60%
28.61°N 36.9 m Delhi
60%
41.01°N 16.2 m Istanbul
60%
31.23°N 42.3 m Shanghai
60%
23.13°N 73.6 m Guangzhou/Shenzhen
40%
6.18°S 29.8 m Jakarta
40%
26.20°S 15.1 m Johannesburg
40%
4.32°S 16.9 m Kinshasa
40%
31.55°N 15.0 m Lahore
40%
19.43°N 25.6 m Mexico City
40%
34.69°N 17.7 m Osaka
40%
37.56°N 25.4 m Seoul
40%
35.69°N 17.2 m Tehran
40%
39.13°N 11.8 m Tianjin
40%
30.60°N 12.9 m Wuhan
40%
23.02°N 10.2 m Ahmedabad
20%
12.98°N 15.3 m Bangalore
20%
13.75°N 22.4 m Bangkok
20%
4.71°N 10.8 m Bogotá
20%
30.04°N 23.2 m Cairo
20%
28.23°N 11.6 m Changsha
20%
30.66°N 18.3 m Chengdu
20%
13.08°N 13.3 m Chennai
20%
29.56°N 13.2 m Chongqing
20%
10.78°N 14.7 m Ho Chi Minh City
20%
17.36°N 12.1 m Hyderabad
20%
24.86°N 21.8 m Karachi
20%
6.46°N 21.9 m Lagos
20%
12.06°S 12.2 m Lima
20%
34.05°N 17.4 m Los Angeles
20%
8.84°S 10.4 m Luanda
20%
14.60°N 27.1 m Manila
20%
19.08°N 28.1 m Mumbai
20%
35.18°N 10.5 m Nagoya
20%
22.91°S 13.6 m Rio de Janeiro
20%
23.55°S 22.7 m São Paulo
20%
24.48°N 15.8 m Xiamen
20%
34.26°N 13.7 m Xi'an
20%
23.76°N 23.7 m Dhaka
0%
30.27°N 14.7 m Hangzhou
0%
22.57°N 18.1 m Kolkata
0%
25.04°N 10.2 m Taipei
0%
34.76°N 10.5 m Zhengzhou
0%
No matching quizzes found
Score Distribution
Percent of People with Each Score
Percentile by Number Answered
Your Score History
You have not taken this quiz